[Event "Wch Seniors 65 26th"]
[Site "Marianske Lazne"]
[Date "2016.11.30"]
[Round "11"]
[White "Agzamov, Valery"]
[Black "Lederman, Leon S"]
[Result "1/2-1/2"]
[WhiteElo "2137"]
[BlackElo "2280"]
[PlyCount "20"]
[EventDate "2016.11.19"]
[EventType "swiss"]
[EventRounds "11"]
[EventCountry "CZE"]
[SourceTitle "CBM 175 Extra"]
[Source "ChessBase"]
[SourceDate "2016.12.12"]
[SourceVersion "1"]
[SourceVersionDate "2016.12.12"]
[SourceQuality "1"]

1. d4 d5 2. c4 e6 3. Nc3 Nf6 4. Nf3 c6 5. e3 Nbd7 6. Bd3 dxc4 7. Bxc4 b5 8. Bd3 Bd6 9. 0-0 Bb7 10. e4 e5 1/2-1/2

[Event "Wch Seniors 65 26th"]
[Site "Marianske Lazne"]
[Date "2016.11.27"]
[Round "8"]
[White "Barboza, Mauro"]
[Black "Agzamov, Valery"]
[Result "0-1"]
[WhiteElo "1944"]
[BlackElo "2137"]
[PlyCount "67"]
[EventDate "2016.11.19"]
[EventType "swiss"]
[EventRounds "11"]
[EventCountry "CZE"]
[SourceTitle "CBM 175 Extra"]
[Source "ChessBase"]
[SourceDate "2016.12.12"]
[SourceVersion "1"]
[SourceVersionDate "2016.12.12"]
[SourceQuality "1"]

1. e4 c5 2. Nc3 Nc6 3. g3 g6 4. Bg2 Bg7 5. f4 e6 6. Nf3 d6 7. Rb1 Nge7 8. 0-0 0-0 9. d3 Rb8 10. a4 a6 11. Ne2 d5 12. b3 b6 13. Bb2 Bb7 14. Bxg7 Kxg7 15. Nc3 dxe4 16. dxe4 Qxd1 17. Rbxd1 Rfd8 18. Ne2 Nb4 19. Ne5 Nxc2 20. Kf2 Nc6 21. Rc1 N2b4 22. Ke3 f6 23. Nxc6 Rd3+ 24. Kf2 Nxc6 25. Rc3 Rxc3 26. Nxc3 Rd8 27. Rb1 Rd2+ 28. Ne2 Nd4 29. Bf1 a5 30. h3 e5 31. Ke1 Rd3 32. Nxd4 Rxd4 33. Bg2 exf4 34. gxf4 0-1

[Event "Wch Seniors 65 24th"]
[Site "Katerini"]
[Date "2014.10.31"]
[Round "7"]
[White "Agzamov, Valery"]
[Black "Marcovici, Adrian"]
[Result "1/2-1/2"]
[WhiteElo "2191"]
[BlackElo "2042"]
[PlyCount "74"]
[EventDate "2014.10.24"]
[EventType "swiss"]
[EventRounds "11"]
[EventCountry "GRE"]
[SourceTitle "EXT 2015"]
[Source "ChessBase"]
[SourceDate "2014.11.20"]
[SourceVersion "1"]
[SourceVersionDate "2014.11.20"]
[SourceQuality "1"]

1. e4 c5 2. Nf3 a6 3. c3 d5 4. exd5 Qxd5 5. d4 Nf6 6. Be2 e6 7. 0-0 Nc6 8. Be3 cxd4 9. cxd4 Be7 10. Nc3 Qd8 11. a3 0-0 12. Qd2 b5 13. Rfd1 Na5 14. Qe1 Nb3 15. Rab1 Bb7 16. Rd3 Na5 17. Ne5 Rc8 18. Rbd1 Nc4 19. Bc1 Qc7 20. Nxc4 bxc4 21. Rh3 Rfd8 22. Bf1 Nd5 23. Qe4 g6 24. Qg4 h5 25. Qe2 Nf4 26. Bxf4 Qxf4 27. d5 Qf6 28. dxe6 fxe6 29. Rxd8+ Bxd8 30. Re3 Kf7 31. Ne4 Bxe4 32. Rxe4 Bb6 33. g3 Rc5 34. Rf4 Rf5 35. Qxc4 Qxb2 36. Bd3 Rxf4 37. Qxf4+ Qf6 1/2-1/2

[Event "Wch Seniors 65 24th"]
[Site "Katerini"]
[Date "2014.10.27"]
[Round "4"]
[White "Agzamov, Valery"]
[Black "Pushkov, Nikolai"]
[Result "1/2-1/2"]
[WhiteElo "2191"]
[BlackElo "2306"]
[PlyCount "27"]
[EventDate "2014.10.24"]
[EventType "swiss"]
[EventRounds "11"]
[EventCountry "GRE"]
[SourceTitle "EXT 2015"]
[Source "ChessBase"]
[SourceDate "2014.11.20"]
[SourceVersion "1"]
[SourceVersionDate "2014.11.20"]
[SourceQuality "1"]

1. e4 e6 2. d4 d5 3. Nd2 c5 4. exd5 exd5 5. Ngf3 c4 6. b3 cxb3 7. axb3 Nf6 8. Bb5+ Bd7 9. Qe2+ Be7 10. Ne5 0-0 11. 0-0 a6 12. Bd3 Re8 13. Qf3 Bd6 14. Nxd7 1/2-1/2

[Event "Wch Seniors 23rd"]
[Site "Opatija"]
[Date "2013.11.14"]
[Round "3"]
[White "Agzamov, Valery"]
[Black "Giffard, Nicolas"]
[Result "1-0"]
[WhiteElo "2183"]
[BlackElo "2348"]
[PlyCount "79"]
[EventDate "2013.11.12"]
[EventType "swiss"]
[EventRounds "11"]
[EventCountry "CRO"]
[SourceTitle "CBM 157 Extra"]
[Source "ChessBase"]
[SourceDate "2013.12.19"]
[SourceVersion "1"]
[SourceVersionDate "2013.12.19"]
[SourceQuality "1"]

1. d4 Nf6 2. c4 e6 3. Nf3 d5 4. Nc3 Be7 5. cxd5 exd5 6. Bg5 c6 7. Qc2 Nbd7 8. e3 Nf8 9. Bd3 Ne6 10. Bh4 g6 11. h3 Ng7 12. Bg3 Bf5 13. 0-0-0 0-0 14. Kb1 Bxd3 15. Qxd3 Nf5 16. Bh2 Nd6 17. Nd2 b5 18. f3 b4 19. Na4 Nb5 20. Rc1 Rc8 21. Rc2 Bd6 22. Bg1 Qa5 23. Nc5 Bxc5 24. Nb3 Qd8 25. Nxc5 Ne8 26. Bf2 Ned6 27. h4 Re8 28. h5 a5 29. hxg6 fxg6 30. Bh4 Qc7 31. Bg5 Qf7 32. Bf4 Qf5 33. Qd1 g5 34. Rh5 Nf7 35. Bxg5 Qg6 36. f4 Rxe3 37. Nd7 Rd3 38. Nf6+ Kf8 39. Qg4 Nbd6 40. Nxh7+ 1-0